000 00467nam a22001457a 4500
008 170421b xxu||||| |||| 00| 0 eng d
020 _a9712705838
082 _21996
_aDFil 899.2104
_bQ3
100 _919994
_aQuezon, Manuel L., III
245 _aThen and now/
_cManuel L. Quezon III
260 _aPasig City:
_bAnvil Publishing, Inc.,
_cc1996.
300 _aviii, 254 pages:
_billustrations;
_c23 cm.
650 0 _919996
_aPhilippine essays (English).
942 _2ddc
_cDFIL
999 _c6602
_d6602